000 01449nam a2200337 a 4500
001 000048941
003 OSt
005 20240311112321.0
008 190506s2020 dr a r 000 0 spa d
020 _a
022 _29789945093391
040 _aDO-SdBNP
_bspa
_cBNPHU
082 4 _a371.19206
_bA837u
_222
110 2 _aAsociación Dominicana de Profesores
_977682
245 1 0 _aUnidad en la diversidad :
_b50 años de historia de Asociación Dominicana de Profesores (ADP) /
_ceditor Enrique de León ; transcripción Victoria Richardson Castillo
250 _a2a. ed.
260 _aSanto Domingo :
_bAsociación Dominicana de Profesores,
_c2020
300 _a368 p. ;
_b
_c26 cm.
500 _a In memoriam: Milagros pineda, Jacobo Moquete de la Rosa, Enriquillo de León Frías : integrantes de la primera dirección de la Asociación Dominicana de Profesores, ADP
500 _a
504 _a
590 _aInventariado, 2021/VM
610 2 0 _aAsociación Dominicana de Profesores
_x Historia
_y1970-2020
_977682
650 4 _aMaestros
_zRepública Dominicana
_xHistoria
_y1970-2020
_977684
650 4 _aSindicatos de maestros
_zRepública Dominicana
_917391
_xHistora
_y1970-2020
650 4 _aPolítica educativa
_zRepública Dominicana
_910500
_xHistoria
_y1970-2020
700 1 _aLeón, Enrique de
_92049
700 1 _aRichardson Castillo, Victoria
_977719
910 _aVMateo /Validado, 2021/MFF
942 _2ddc
_cLBS1
999 _c49324
_d49324